Rural Scotland in focus 2010 (Record no. 110496)

MARC details
000 -LEADER
fixed length control field 01281cad a22003135a 4500
001 - CONTROL NUMBER
control field E149420
008 - FIXED-LENGTH DATA ELEMENTS--GENERAL INFORMATION
fixed length control field 100304s2010 xxk f 000 0 eng d
035 ## - SYSTEM CONTROL NUMBER
System control number (Sirsi) u149420
041 0# - LANGUAGE CODE
Language code of text/sound track or separate title eng
100 1# - MAIN ENTRY--PERSONAL NAME
Personal name Skerratt, Sarah
245 00 - TITLE STATEMENT
Title Rural Scotland in focus 2010
Medium [electronic resource]
260 ## - PUBLICATION, DISTRIBUTION, ETC.
Place of publication, distribution, etc. Edinburgh
Name of publisher, distributor, etc. Scottish Agricultural College
Date of publication, distribution, etc. 2010
521 ## - TARGET AUDIENCE NOTE
Target audience note Discusses the challenges faced by rural communities, and also looks at environmental and economic issues related to the countryside such as climate change and biodiversity. Suggests that these issues should be tackled with a regional approach, rather than a sector-based one. Proposes actions and Future Deabating Questions to inform future discussion.
590 ## - LOCAL NOTE (RLIN)
Local note KA
651 #4 - SUBJECT ADDED ENTRY--GEOGRAPHIC NAME
Geographic name Scotland
Chronological subdivision 1999-
690 ## - LOCAL SUBJECT ADDED ENTRY--TOPICAL TERM (OCLC, RLIN)
Topical term or geographic name as entry element PROPERTY-RURAL AND NATURAL ASSETS
700 1# - ADDED ENTRY--PERSONAL NAME
Personal name Hall, Clare
700 1# - ADDED ENTRY--PERSONAL NAME
Personal name Lamprinopoulou, Chrysa
700 1# - ADDED ENTRY--PERSONAL NAME
Personal name McCracken, Davy
700 1# - ADDED ENTRY--PERSONAL NAME
Personal name Midgley, Andrew
700 1# - ADDED ENTRY--PERSONAL NAME
Personal name Renwick, Alan
700 1# - ADDED ENTRY--PERSONAL NAME
Personal name Revoredo, Cesar
700 1# - ADDED ENTRY--PERSONAL NAME
Personal name Thomson, Steven
700 1# - ADDED ENTRY--PERSONAL NAME
Personal name Williams, Fiona
700 1# - ADDED ENTRY--PERSONAL NAME
Personal name Wreford, Anita
700 1# - ADDED ENTRY--PERSONAL NAME
Personal name Price, Martin
856 40 - ELECTRONIC LOCATION AND ACCESS
Uniform Resource Identifier <a href="https://www.sac.ac.uk/mainrep/pdfs/rsifreport2010.pdf">https://www.sac.ac.uk/mainrep/pdfs/rsifreport2010.pdf</a>
Public note View the report (PDF file) free of charge at www.sac.ac.uk
942 ## - ADDED ENTRY ELEMENTS (KOHA)
Suppress in OPAC 0
Holdings
Withdrawn status Lost status Source of classification or shelving scheme Damaged status Not for loan Home library Current library Shelving location Date acquired Total Checkouts Full call number Barcode Date last seen Copy number Price effective from Koha item type
    Dewey Decimal Classification     Virtual Virtual Online 04/03/2010   ONLINE PUBLICATION 149420-2001 06/08/2019 1 06/08/2019 Book